00548nam a2200169 a 4500008004100000020001800041050001500059100002200074245009400096250001600190260003300206300003700239350001100276650003600287650003700323700001800360191127s2016 ||||||||||||||||| || u a9780323340380 aRD 598 Top aTeirstein, Paul S10aTextbook of interventional cardiology (7th edition)cBy Eric J. Topol ; Paul S. Teirstein a7th edition aPhiladelphiabElsevierc2016 axvii, 1081 pages : illustrations a130.00 0aCORONARY HEART DISEASE--SURGERY 3aCARDIOVASCULAR DISEASES--THERAPY aTopol, Eric J